Statistiques concernant Les 17 ministres français 2022/2027

Cliquez ici pour prendre le quiz!

Statistiques générales

  • Ce quiz a été pris 86 fois
  • Le résultat moyen est 8 sur 17

Statistiques - réponses

HintRéponse% Correct
Ministre de l'IntérieurGérald Darmanin
97%
Ministre de l'ÉconomieBruno le Maire
91%
Ministre de la JusticeÉric Dupond-Moretti
74%
Ministre de l'Éducation NationalePap Ndiaye
69%
Ministre des Affaires ÉtrangèresCatherine Colonna
57%
Ministre des ArméesSébastien Lecornu
49%
Ministre du TravailOlivier Dussopt
48%
Ministre de la Transition ÉcologiqueAmélie de Montchalin
40%
Ministre de la SantéBrigitte Bourguignon
38%
Ministre de la CultureRima Abdul-Malak
35%
Ministre de la Transition ÉnergétiqueAgnès Pannier-Runacher
34%
Ministre de la Fonction PubliqueStanislas Guerini
31%
Ministre de la RechercheSylvie Retailleau
29%
Ministre des SportsAmélie Oudéa-Castéra
28%
Ministre de l'AgricultureMarc Fesneau
28%
Ministre des SolidaritésDamien Abad
26%
Ministre des Outre-MerYaël Braun-Pivet
18%

Distribution des résultats

Percentile par nombre de réponses

% des personnes avec chaque résultat

Votre développement - résultats

Vous n’avez pas pris ce quiz